The Sourcebook of Contemporary Fashion Design /

La obra abre con un texto que perfila las características presentes del campo profesional de la moda, para presentar luego en orden alfabético las propuestas de la última década de 89 diseñadores, con un breve perfil de cada uno de ellos.

Uloženo v:
Podrobná bibliografie
Hlavní autor: Hidalgo, Marta R. (selec. y texto)
Médium: Kniha
Jazyk:angličtina
Vydáno: Barcelona, España : Maomao, 2010, c2010
Témata:
Tagy: Přidat tag
Žádné tagy, Buďte první, kdo vytvoří štítek k tomuto záznamu!

MARC

LEADER 00000nam^a2200000^a^4500
001 000308459
005 20250521000000.0
008 091021 20102010
009 20260310112918.137
020 |a 978-0-06-1349805 
037 |a Acervo ITESO - Biblioteca 
041 |a ING 
082 |a 746. 9209051  |b HID 
100 |a Hidalgo, Marta R.  |e (selec. y texto) 
240 1 4 |a [El gran libro de la moda contemporánea] 
245 1 4 |a The Sourcebook of Contemporary Fashion Design /  |c Selec. y texto de M.R. Hidalgo. 
264 4 |a Barcelona, España :  |b Maomao,  |c 2010, c2010 
300 |a 599 p. 
336 |a texto  |b txt  |2 rdacontenido 
337 |a sin mediación  |b n  |2 rdamedio 
338 |a volumen  |b nc  |2 rdasoporte 
520 |a La obra abre con un texto que perfila las características presentes del campo profesional de la moda, para presentar luego en orden alfabético las propuestas de la última década de 89 diseñadores, con un breve perfil de cada uno de ellos. 
649 |a XX 
650 |a Diseñadores de Moda -  |x Tema Principal 
650 |a Vestido -  |x Historia -  |y 2000-2009 
650 |a Vestido -  |x Historia -  |y Siglo XXI 
650 |a Diseño de Moda -  |x Historia -  |y 2000-2009 -  |x Tema Principal 
650 |a Diseño de Moda -  |x Historia -  |y Siglo XXI 
650 |a Moda -  |x Historia -  |y 2000-2009 
650 |a Moda -  |x Historia -  |y Siglo XXI 
650 |a Moda -  |x Aspectos Sociales y Culturales 
650 |a Arte y Sociedad -  |x Historia y Crítica 
910 |a Fondo General 
920 |a Impresos - Libros 
930 |a Reserva Especial 
905 |a 103 
901 |a 0500194573  |b IT1  |c REE  |i C127607  |u 20250521 
902 |a https://opac.biblio.iteso.mx/vufind/Record/000308459